Statistiques concernant Les joueurs qui ont signé en Arabie saoudite depuis Janvier.

Cliquez ici pour prendre le quiz!

Statistiques générales

  • Ce quiz a été pris 122 fois
  • Le résultat moyen est 7 sur 10

Statistiques - réponses

ClubsJoueursPrix
en euros
% Correct
Al-NassrCristiano Ronaldo0
96%
Al-IttihadKarim Benzema0
93%
Al-IttihadN'golo Kante0
92%
Al-HilalKalidou Koulibaly23M
63%
Al AhliEdouard Mendy18,5M
61%
Al-NassrMarcelo Brozovic18M
58%
Al-HilalRuben Neves55M
56%
Al AhliRoberto Firmino0
54%
Al-HilalSergej Milinkovic-Savic40M
51%
Al-IttihadJota29,1M
43%

Distribution des résultats

Percentile par nombre de réponses

% des personnes avec chaque résultat

Votre développement - résultats

Vous n’avez pas pris ce quiz